| 000 | 01289cam a22003617a 4500 | ||
|---|---|---|---|
| 003 | CHAP | ||
| 005 | 20220329141049.0 | ||
| 008 | 971013s1993 r 00010 d | ||
| 010 | _a62083 | ||
| 011 | _a63055 | ||
| 035 | _a67231 | ||
| 040 | _cCHAP | ||
| 082 |
_a080 _bS45Y v.2 |
||
| 100 | 0 | 0 |
_aErickson, Jon. _937304 |
| 245 | 1 | 3 |
_aUn mundo en desequilibrio _b: la contaminación de nuestro planeta |
| 260 |
_aMéxico, D. F. : _bMcGraw-Hill, _c1993 |
||
| 300 |
_a209 p. _b: ilus. |
||
| 490 | 0 |
_aSerie McGraw-Hill de divulgación científica _v; 2 |
|
| 590 |
_aBATCH-UPD _b10 _c20130110 _lUCH01 _h0334 |
||
| 590 |
_aBATCH-UPD _b10 _c20130410 _lUCH01 _h0007 |
||
| 590 |
_aBATCH-UPD _b10 _c20130913 _lUCH01 _h2329 |
||
| 590 |
_aCONVERSION _b10 _c20130109 _lUCH01 _h1333 |
||
| 650 | 1 | 4 |
_aAgua _xContaminación. _92351 |
| 650 | 1 | 4 |
_aAire _xContaminación. _93138 |
| 650 | 1 | 4 |
_aCambios climáticos. _917792 |
| 650 | 1 | 4 |
_aMedio ambiente _xContaminación. _974069 |
| 790 | _aEfecto invernadero | ||
| 830 | 0 |
_aSerie McGraw-Hill de divulgación científica _v; 2 _9104963 |
|
| 901 | _aBK | ||
| 942 | _cLIBRO | ||
| 949 |
_a080 S45Y v.2 _bBC _cLIBRO _d33724000628012 _eLIBRO _fc.2 _gI. c/e _h91579 _i67231 _si _t59.00 |
||
| 949 |
_a080 S45Y v.2 _bBC _cLIBRO _d33724000702684 _eLIBRO _gI. c/e _h91578 _i67231 _si _t59.00 |
||
| 999 |
_c62083 _d62083 |
||